Preservation of art objects and library materials / (Record no. 63438)

MARC details
000 -LEADER
fixed length control field 00470nam a22001577a 4500
005 - DATE AND TIME OF LATEST TRANSACTION
control field 20180804111135.0
020 ## - INTERNATIONAL STANDARD BOOK NUMBER
International Standard Book Number 812370643X
Terms of availability 40.00
035 ## - SYSTEM CONTROL NUMBER
System control number B-8389, B-008388
037 ## - SOURCE OF ACQUISITION
Stock number DPL
Source of stock number/acquisition ENG
100 ## - MAIN ENTRY--PERSONAL NAME
Personal name Agrawal, O. P.
245 ## - TITLE STATEMENT
Title Preservation of art objects and library materials /
Statement of responsibility, etc by O. P. Agrawal
250 ## - EDITION STATEMENT
Edition statement 2nd ed.
260 ## - PUBLICATION, DISTRIBUTION, ETC. (IMPRINT)
Place of publication, distribution, etc New Delhi
Name of publisher, distributor, etc National Book Trust, India
Date of publication, distribution, etc 1999
300 ## - PHYSICAL DESCRIPTION
Extent xi, 112p.
Dimensions 18 cms.
942 ## - ADDED ENTRY ELEMENTS (KOHA)
Source of classification or shelving scheme Dewey Decimal Classification
Item type English Books
Classification part 025.84
Call number suffix AGA
Holdings
Withdrawn status Lost status Not for loan Collection code Home library Current library Date acquired Cost, normal purchase price Full call number Barcode Cost, replacement price Koha item type Public note Source of acquisition
      Non-fiction Patel Nagar Patel Nagar 04/08/2018 40.00 025.84 AGA B-008388 40.00 English Books   BPPD/PUB
      Non-fiction Sarojini Nagar Sarojini Nagar 25/02/2012 40.00 025.84 AGA B-8389 40.00 English Books Withdrawn List Prepared L.No.06/2  

© Delhi Public Library
Hit Counter
free hit counter